Shai Gilgeous Alexander - Statistics

General Stats
  • This quiz has been taken 141 times
    29 since last reset
  • The average score is 15 of 20
Answer Stats
Hint Answer % Correct
Birth Country Canada
96%
Jersey Number 2
92%
Height 6'6"
92%
Current team he plays for Oklahoma City Thunder
88%
Jersey Number In College 22
83%
Career High Steals 7
83%
2nd team he played for Los Angeles Clippers
83%
Position point guard
83%
Career high assists 15
79%
Birth Year 1998
79%
Career high rebounds 20
79%
Career high points 55
75%
College Kentucky
75%
Team That Drafted Him Charlotte Hornets
71%
cousin (also in NBA) nickeil alexander-walker
71%
Other Canadian on that team Lu Dort
67%
Birthday July 12
63%
Weight (lbs) 195
54%
Hometown/city Hamilton
29%
Favourite player growing up Allen Iverson
25%
No matching quizzes found
Score Distribution
Percent of People with Each Score
Percentile by Number Answered
Your Score History
You have not taken this quiz since the last reset